| 000 | 00790nam a22002177a 4500 | ||
|---|---|---|---|
| 005 | 20100804113554.0 | ||
| 010 | _aENG-98067 | ||
| 020 |
_a9788120340183 _c275.00 |
||
| 035 | _aEN-81600 | ||
| 037 | _bDBAD/PUB | ||
| 082 | _a660.0151 | ||
| 100 |
_aAhuja,Pradeep _95797 |
||
| 245 |
_aNumerical methods in chemical engineering / _cby Pradeep Ahuja |
||
| 260 |
_aNew Delhi _bPHI Learning _c2010 |
||
| 270 |
_aM-97, Connaught Circus _bNew Delhi _e110001 |
||
| 300 |
_axiii,289p _c24cm(pbk) |
||
| 500 | _aincludes bibliographical references and index | ||
| 650 |
_achemical Engineering _95798 |
||
| 942 |
_2ddc _cEN _h660.0151 _mAHU |
||
| 999 |
_c39140 _d39140 |
||